000 00503nam a2200181Ia 4500
003 OSt
005 20260120121425.0
008 210210b1960 xxu||||| |||| 00| 0 eng d
040 _cAL
041 _aKannada
082 _a858/154
100 _aRAMASHARMA (Mai Ha)
_9149884
_dರಾಮಶರ್ಮ (ಮೈ ಹ)
245 _aRanadhira ramanatha
_bರಣಧೀರ ರಾಮನಾಥ
260 _aMaisuru
_bSharada Mandira
_c1960
690 _aBiography
_9149887
906 _a020697
942 _2ddc
_cBK
999 _c144851
_d144851